Statistics for All US Cities With "Fort"

Click here to take the quiz!

General Stats

  • This quiz has been taken 36 times
  • The average score is 5 of 34

Answer Stats

City Containing Fort State % Correct
Fort WorthTX
84%
Fort WayneIN
75%
Fort LauderdaleFL
69%
Fort CollinsCO
56%
Fort SmithAR
38%
Fort MyersFL
31%
Fort PierceFL
19%
Fort YukonAK
13%
Fort DodgeIA
13%
Fort BraggCA
9%
Fort Walton BeachFL
9%
Fort ValleyGA
6%
Fort MadisonIA
6%
Fort MeadeFL
6%
Fort JonesCA
6%
Fort YatesND
6%
Fort ScottKS
3%
Fort ThomasKY
3%
Fort StocktonTX
3%
Fort AtkinsonIA
3%
Fort PayneAL
3%
Fort RipleyMN
3%
Fort RansomND
3%
Fort OglethorpeGA
3%
Fort MorganCO
3%
Fort LuptonCO
3%
Fort GainesGA
3%
Fort PierreSD
0%
Fort BentonMT
0%
Fort MitchellKY
0%
Fort WrightKY
0%
Fort CalhounNE
0%
Spanish FortAL
0%

Score Distribution

Percentile by Number Answered

Percent of People with Each Score

Your Score History

You have not taken this quiz